Intelligence-Driven Incident Response (Record no. 356664)

MARC details
000 -LEADER
fixed length control field 00380 a2200157 4500
005 - DATE AND TIME OF LATEST TRANSACTION
control field 20240831124730.0
008 - FIXED-LENGTH DATA ELEMENTS--GENERAL INFORMATION
fixed length control field 240831b |||||||| |||| 00| 0 eng d
020 ## - INTERNATIONAL STANDARD BOOK NUMBER
International Standard Book Number 9789355424235
041 ## - LANGUAGE CODE
Language code of text/sound track or separate title eng
100 ## - MAIN ENTRY--PERSONAL NAME
Author Brown Rebekah
245 ## - TITLE STATEMENT
Title Intelligence-Driven Incident Response
250 ## - EDITION STATEMENT
Edition statement 2nd ed.
260 ## - PUBLICATION, DISTRIBUTION, ETC.
Name of publisher, distributor, etc. SPD O r'eilly
Date of publication, distribution, etc. 2023
300 ## - PHYSICAL DESCRIPTION
Extent 316
942 ## - ADDED ENTRY ELEMENTS (KOHA)
Koha item type Books
Holdings
Withdrawn status Lost status Source of classification or shelving scheme Damaged status Not for loan Home library Current library Date acquired Vendor Net Price Total Checkouts Full call number Barcode Date last seen Actual Price Bill Date Koha item type
    Dewey Decimal Classification     Cummins College of Engineering for Women Pune Cummins College of Engineering for Women Pune 13/12/2023 115 1039.50   364.168 BRO CCEP-BK-65831 13/12/2023 1350.00 13/12/2023 Books